<?xml version="1.0" encoding="UTF-8"?><?xml-stylesheet type="text/xsl" href="static/style.xsl"?><OAI-PMH xmlns="http://www.openarchives.org/OAI/2.0/" xmlns:xsi="http://www.w3.org/2001/XMLSchema-instance" xsi:schemaLocation="http://www.openarchives.org/OAI/2.0/ http://www.openarchives.org/OAI/2.0/OAI-PMH.xsd"><responseDate>2026-04-13T07:25:26Z</responseDate><request verb="GetRecord" identifier="oai:www.recercat.cat:2445/186113" metadataPrefix="marc">https://recercat.cat/oai/request</request><GetRecord><record><header><identifier>oai:recercat.cat:2445/186113</identifier><datestamp>2025-12-05T05:34:12Z</datestamp><setSpec>com_2072_1057</setSpec><setSpec>col_2072_478857</setSpec><setSpec>col_2072_478901</setSpec><setSpec>col_2072_478917</setSpec></header><metadata><record xmlns="http://www.loc.gov/MARC21/slim" xmlns:dcterms="http://purl.org/dc/terms/" xmlns:xsi="http://www.w3.org/2001/XMLSchema-instance" xmlns:doc="http://www.lyncode.com/xoai" xsi:schemaLocation="http://www.loc.gov/MARC21/slim http://www.loc.gov/standards/marcxml/schema/MARC21slim.xsd">
   <leader>00925njm 22002777a 4500</leader>
   <datafield ind2=" " ind1=" " tag="042">
      <subfield code="a">dc</subfield>
   </datafield>
   <datafield ind2=" " ind1=" " tag="720">
      <subfield code="a">Ripoll, Gisela</subfield>
      <subfield code="e">author</subfield>
   </datafield>
   <datafield ind2=" " ind1=" " tag="260">
      <subfield code="c">2022-05-30T14:49:44Z</subfield>
   </datafield>
   <datafield ind2=" " ind1=" " tag="260">
      <subfield code="c">2022-05-30T14:49:44Z</subfield>
   </datafield>
   <datafield ind2=" " ind1=" " tag="260">
      <subfield code="c">2017</subfield>
   </datafield>
   <datafield ind2=" " ind1=" " tag="260">
      <subfield code="c">2022-05-30T14:49:44Z</subfield>
   </datafield>
   <datafield ind2=" " ind1=" " tag="520">
      <subfield code="a">El presente volumen corresponde a la traducción italiana de una de las grandes obras de arqueología cristiana siciliana, la de Joseph Führer y Victor Schultze, Die altchristlichen Grabstätten Siziliens, publicada en alemán en 1907 (Reimer, Berlín, 323 pp.). Los editores Santino Alessandro Cugno y Giuseppe Garro (Premessa all'edizione italiana, pp. XIII-XVII), han querido rendir homenaje a estos dos grandes arqueólogos, especialmente a Joseph Führer, quien con tenacidad y rigor ofreció a la comunidad científica un conjunto de datos enormemente significativo para la comprensión del particular modo de sepultura insular de la Sicilia paleocristiana. La traducción al italiano, realizada por Gianpiero di Maida y Ilenia Gradante (Note dei traduttori, pp. XXXV-XXXVI) permite acceder, más fácilmente si cabe, a un volumen que, aun teniendo 110 años de edad, es todavía necesario para los interesados en el conocimiento de la Sicilia cristiana</subfield>
   </datafield>
   <datafield tag="653" ind2=" " ind1=" ">
      <subfield code="a">Ressenyes (Documents)</subfield>
   </datafield>
   <datafield tag="653" ind2=" " ind1=" ">
      <subfield code="a">Reviews (Documents)</subfield>
   </datafield>
   <datafield tag="653" ind2=" " ind1=" ">
      <subfield code="a">Führer, Joseph y Schulte, Victor, Le sepolture paleocristiane in Sicilia, eds. Santino Alessandro Cugno y Giuseppe Garro, trad. Gianpiero di Maida y Ilenia Gradante, Moondi Edizioni, Catania, 2016</subfield>
   </datafield>
   <datafield ind2="0" ind1="0" tag="245">
      <subfield code="a">FÜHRER, Joseph y SCHULTZE, Victor, Le sepolture paleocristiane in Sicilia, eds. Santino Alessandro Cugno y Giuseppe Garro, trad. Gianpiero di Maida y Ilenia Gradante, Moondi Edizioni, Catania, 2016, 394 pp., 84 figs., 3 láms., ISBN: 978-8890934629.</subfield>
   </datafield>
</record></metadata></record></GetRecord></OAI-PMH>